00438nam a2200145Ia 4500008004100000020001500041100002400056245002800080260001700108500002400125650003500149942000700184952008400191999001700275230524s9999 xx 000 0 und d a8183630014 aA.P. Chekhov936662 0aShort Stories and Novel bAdarsh Books aQuantity Number: 1 aPersonality Development936663 cBK 00104070aTATCLbTATCLcGENd2023-05-24l0p44994r2023-05-24w2023-05-24yBK c50692d50692